000 00571nam a2200217 i 4500
001 C2-0091690
003 PPAK
005 20180727092527.0
008 970513s1985 enka|||| ||||| | eng d
040 _aPPAK
_beng
_cPPAK
_erda
082 0 4 _a943.087
_223
090 0 0 _a943.087
_bMOO
_dR
100 1 _aMoore, James,
_eauthor
245 1 0 _aLet's visit Germany
264 1 _aLondon :
_bBurke ,
_c1985
300 _a96 pages :
_billustrations ;
_c21 cm
336 _2rdacontent
_atext
337 _2rdamedia
_aunmediated
338 _2rdacarrier
_avolume
942 _ddc
_cB
999 _c19516
_d19516